Normal view
MARC view
- ضعاف العقول-رعاية و علاج-أدلة. ضعاف العقول-تعليم-أدلة. التربية الخاصة-الأردن-أدلة
Entry Topical Term
001 - CONTROL NUMBER
- control field: 22781
003 - CONTROL NUMBER IDENTIFIER
- control field: JO-AjAnu
005 - DATE AND TIME OF LATEST TRANSACTION
- control field: 20230606073927.0
008 - FIXED-LENGTH DATA ELEMENTS
- fixed length control field: 230606|| aca||aabn | a|a d
040 ## - CATALOGING SOURCE
- Original cataloging agency: JO-AjAnu
- Transcribing agency: JO-AjAnu
150 ## - HEADING--TOPICAL TERM
- Topical term or geographic name entry element: ضعاف العقول-رعاية و علاج-أدلة. ضعاف العقول-تعليم-أدلة. التربية الخاصة-الأردن-أدلة
670 ## - SOURCE DATA FOUND
- Source citation: Work cat.: (JO-AjAnu)11707: الروسان،فاروق إعداد وتطوير/الخطيب،فريد إعداد وتطوير, author 22780, دليل مقياس مهارات التهيئة المهنية للمعاقين عقليا